Writing revolution : (Record no. 20002)
[ view plain ]
| 000 -LEADER | |
|---|---|
| fixed length control field | 01376cam a22003375a 4500 |
| 001 - CONTROL NUMBER | |
| control field | 016270686 |
| 003 - CONTROL NUMBER IDENTIFIER | |
| control field | OSt |
| 005 - DATE AND TIME OF LATEST TRANSACTION | |
| control field | 20160229113247.0 |
| 008 - FIXED-LENGTH DATA ELEMENTS--GENERAL INFORMATION | |
| fixed length control field | 130125s2013 enk fr 000 0 eng d |
| 020 ## - INTERNATIONAL STANDARD BOOK NUMBER | |
| International Standard Book Number | 9781780765402 (pbk.) |
| 040 ## - CATALOGING SOURCE | |
| Original cataloging agency | StDuBDS |
| Language of cataloging | eng |
| Transcribing agency | StDuBDS |
| Modifying agency | WlAbNL |
| -- | Uk |
| -- | EG-ScBUE |
| 041 1# - LANGUAGE CODE | |
| Language code of text/sound track or separate title | eng |
| Language code of original and/or intermediate translations of text | ara |
| -- | fre |
| 043 ## - GEOGRAPHIC AREA CODE | |
| Geographic area code | ma----- |
| 082 04 - DEWEY DECIMAL CLASSIFICATION NUMBER | |
| Classification number | 323.04409174927 |
| Item number | WRI |
| Edition number | 22 |
| 245 00 - TITLE STATEMENT | |
| Title | Writing revolution : |
| Remainder of title | the voices from Tunis to Damascus / |
| Statement of responsibility, etc | edited by Layla Al-Zubaidi, Matthew Cassel and Nemonie Craven Roderick ; translated by Robin Moger, Georgina Collins ; with an introduction by Samar Yazbek. |
| 260 ## - PUBLICATION, DISTRIBUTION, ETC. (IMPRINT) | |
| Place of publication, distribution, etc | London ; |
| -- | New York : |
| Name of publisher, distributor, etc | I.B. Tauris & Co. Ltd., |
| Date of publication, distribution, etc | 2013. |
| 300 ## - PHYSICAL DESCRIPTION | |
| Extent | xvi, 208 p. ; |
| Dimensions | 22 cm. |
| 546 ## - LANGUAGE NOTE | |
| Language note | Text in English ; translated from original Arabic and French. |
| 650 #0 - SUBJECT ADDED ENTRY--TOPICAL TERM | |
| Topical term or geographic name as entry element | Arab Spring, 2010- |
| Form subdivision | Personal narratives. |
| Source of heading or term | BUEsh |
| 650 #0 - SUBJECT ADDED ENTRY--TOPICAL TERM | |
| Topical term or geographic name as entry element | Revolutionary literature. |
| Source of heading or term | BUEsh |
| 650 #0 - SUBJECT ADDED ENTRY--TOPICAL TERM | |
| Topical term or geographic name as entry element | Protest literature. |
| Source of heading or term | BUEsh |
| 651 ## - SUBJECT ADDED ENTRY--GEOGRAPHIC NAME | |
| Source of heading or term | BUEsh |
| 653 ## - INDEX TERM--UNCONTROLLED | |
| Resource For college | BAEPS, Political Science |
| Arrived date list | June2015 |
| -- | July2015 |
| -- | February2016 |
| 700 1# - ADDED ENTRY--PERSONAL NAME | |
| Personal name | Al-Zubaidi, Layla, |
| Relator term | editor. |
| 700 1# - ADDED ENTRY--PERSONAL NAME | |
| Personal name | Cassel, Matthew |
| Fuller form of name | (Matthew E.), |
| Relator term | editor. |
| 700 1# - ADDED ENTRY--PERSONAL NAME | |
| Personal name | Roderick, Nemonie Craven, |
| Relator term | editor. |
| 700 1# - ADDED ENTRY--PERSONAL NAME | |
| Personal name | Moger, Robin, |
| Relator term | translator. |
| 9 (RLIN) | 24479 |
| 700 1# - ADDED ENTRY--PERSONAL NAME | |
| Personal name | Collins, Georgina, |
| Relator term | translator. |
| 700 1# - ADDED ENTRY--PERSONAL NAME | |
| Personal name | Yazbek, Samar, |
| Title of a work | author of introduction, etc. |
| 942 ## - ADDED ENTRY ELEMENTS (KOHA) | |
| Source of classification or shelving scheme | Dewey Decimal Classification |
| Call number prefix | 323.04409174927 WRI |
| Withdrawn status | Lost status | Source of classification or shelving scheme | Damaged status | Not for loan | Koha collection | Home library | Current library | Shelving location | Date acquired | Source of acquisition | Cost, normal purchase price | Serial Enumeration / chronology | Total Checkouts | Full call number | Barcode | Date last seen | Cost, replacement price | Koha item type | Total Renewals | Date last borrowed |
|---|---|---|---|---|---|---|---|---|---|---|---|---|---|---|---|---|---|---|---|---|
| Dewey Decimal Classification | Alahram | Central Library | Central Library | First floor | 28/06/2015 | 153.00 | 320 | 323.04409174927 WRI | 000038836 | 15/07/2025 | 191.25 | Book - Borrowing | ||||||||
| Dewey Decimal Classification | Central Library | Central Library | First floor | 29/02/2016 | Purchase | 200.00 | 13733 | 1 | 323.04409174927 WRI | 000031757 | 15/07/2025 | 250.00 | Book - Borrowing | 1 | 06/04/2016 |